000 00845nam a2200253Ia 4500
003 OSt
005 20220923213014.0
006 a|||||r|||| 00| 0
007 ta
008 220922b |||||||| |||| 00| 0 hin d
024 _a158,257
037 _cTextual
040 _aARTS
_cARTS
_bhin
041 _2hin
_ahin
082 _aO152,1:g, J5
100 _aजैन, विमल कुमार
_9157821
245 0 _aहिन्दी साहित्य रत्नाकर
246 _aHindī sāhitya ratnākara
260 _aदिल्ली
_b नेशनल पब्लिशिंग हाऊस
_c1955
300 _a198पृ.
_ccm.
650 _aहिन्दी साहित्य
_9156264
942 _hO152,1:g, J5
_cTEXL
_2CC
999 _c313056
_d313056